000 00760nam a2200253Ia 4500
003 OSt
005 20220925181912.0
006 a|||||r|||| 00| 0
007 ta
008 220923b |||||||| |||| 00| 0 eng d
020 _a0226240851
037 _cGeneral Book
040 _aRTL
_cRTL
_beng
041 _2eng
_aeng
082 _aX:72.73.N8, M3
100 _aFeldstein Martin
_9250775
245 0 _aInflation, tax rules and capital formation
260 _aChicago
_bUniversity of Chicago Press
_c1983
300 _a300p. Bib p 287-96
_ccm.
490 _aNational Bureau of Economic Research Monograph
650 _aMacroeconomics
_9186166
942 _hX:72.73.N8, M3
_cGB
_2CC
999 _c500692
_d500692